Joueurs de foot allemand - Statistiques

Statistiques générales
  • Ce quiz a été pris 104 fois
  • Le résultat moyen est 24 sur 30
Statistiques - réponses
Par images Réponse % Correct
Muller
99%
Muller
99%
Kroos
98%
Ozil
98%
Neuer
95%
Kimmich
92%
Musiala
92%
Reus
92%
Sané
91%
Lahm
90%
Rudiger
90%
Gotze
89%
Wirtz
89%
Hummels
87%
Gnabry
85%
Boateng
83%
Gundogan
83%
Havertz
83%
Kahn
83%
Beckenbauer
82%
Can
82%
Klose
80%
Ter Stegen
77%
Khedira
74%
Schweinsteiger
69%
Podolski
67%
Brandt
66%
Fullkrug
57%
Matthaus
57%
Klinsmann
17%
Aucun quiz correspondant
Distribution des résultats
% des personnes avec chaque résultat
Percentile par nombre de réponses
Votre historique - résultats
Vous n’avez pas pris ce quiz